[Event "Mayor's Cup"]
[Site "New York USA"]
[Date "2001.06.18"]
[Round "1"]
[White "Gruenfeld,Y"]
[Black "Schneider,D"]
[Result "0-1"]
[WhiteElo "2520"]
[BlackElo "2406"]
[EventDate "2001.06.18"]

1. e4 e6 2. d4 d5 3. Nc3 Nf6 4. e5 Nfd7 5. Nce2 c5 6. c3 cxd4 7. cxd4 Nc6
8. f4 Qb6 9. Nf3 f6 10. h4 Be7 11. Rh3 O-O 12. a3 a5 13. Nc3 fxe5 14. fxe5
Rxf3 15. gxf3 Nxd4 16. f4 Nf5 17. Nxd5 exd5 18. Qxd5+ Kh8 19. Bc4 Qg1+ 20.
Kd2 Nh6 21. Rd3 Nf8 22. b3 Bf5 23. Qxb7 Qf2+ 24. Kc3 Bxd3 25. Bxd3 Rd8 26.
Qe4 Bc5 27. Rb1 Bd4+ 28. Kc4 Rc8+ 29. Kb5 Ba7 30. Bb2 Qb6+ 31. Ka4 Rb8 32.
Ba1 Ng4 33. e6 Qxe6 34. Qxe6 Nxe6 35. b4 axb4 36. axb4 Nxf4 37. Be4 Nf6 38.
Bc6 Rc8 39. b5 Bb6 40. Re1 Nd3 41. Rf1 Rf8 42. Kb3 Nc5+ 43. Kc4 Ncd7 44.
Re1 Nb8 45. Re7 Rc8 46. Bxf6 gxf6 47. Kd5 Nxc6 48. bxc6 Rc7 49. Re8+ Kg7
50. Kd6 Rf7 51. Ke6 f5 52. h5 h6 53. Rb8 Bc7 54. Rb3 f4 55. Rf3 Kf8 56. Kd5
Ke7 57. Ke4 Kf6 58. Rd3 Re7+ 59. Kf3 Re6 60. Rc3 Kg5 0-1

[Event "Mayor's Cup"]
[Site "New York USA"]
[Date "2001.06.18"]
[Round "1"]
[White "Perelshteyn,E"]
[Black "Novikov,I"]
[Result "1/2-1/2"]
[WhiteElo "2436"]
[BlackElo "2596"]
[EventDate "2001.06.18"]

1. e4 c5 2. Nf3 d6 3. d4 cxd4 4. Nxd4 Nf6 5. Nc3 a6 6. h3 e6 7. g4 d5 8.
exd5 Nxd5 9. Nde2 Bb4 10. Bg2 O-O 11. O-O Nxc3 12. Nxc3 Qe7 13. Qf3 Nd7 14.
Bf4 Bd6 15. Bxd6 Qxd6 16. Ne4 Qc7 17. Qc3 Qxc3 18. Nxc3 Ra7 19. a4 b6 20.
Rfd1 Ne5 21. a5 b5 22. Na2 Rc7 23. Nb4 Rc4 24. c3 Rc7 25. Nd3 1/2-1/2

[Event "Mayor's Cup"]
[Site "New York USA"]
[Date "2001.06.19"]
[Round "2"]
[White "Simutowe,A"]
[Black "Krush,I"]
[Result "1/2-1/2"]
[WhiteElo "2470"]
[BlackElo "2380"]
[EventDate "2001.06.18"]

1. c4 e6 2. d4 d5 3. Nc3 c6 4. Nf3 Nf6 5. e3 Nbd7 6. Qc2 Bd6 7. b3 O-O 8.
Bb2 b6 9. Bd3 Bb7 10. O-O Rc8 11. e4 dxe4 12. Nxe4 Nxe4 13. Bxe4 Nf6 14.
Bd3 h6 15. Rad1 c5 16. Qe2 cxd4 17. Bxd4 Qe7 18. Ne5 Rfd8 19. Kh1 Nd7 20.
f4 Nxe5 21. Bxe5 Bxe5 22. Qxe5 Qc5 23. Qxc5 bxc5 24. Kg1 a5 25. g3 Kf8 26.
Bc2 Ke7 27. Kf2 g5 28. Ke3 gxf4+ 29. Rxf4 Rxd1 30. Bxd1 f5 31. Bc2 Rg8 32.
Rh4 Rg6 33. a3 Kd6 34. Rf4 Bc6 35. Bd3 Ke5 36. Rh4 Rf6 37. Bc2 Kd6 38. Rf4
Ke5 39. Rh4 Rg6 40. Bd3 Rf6 41. Bc2 Rg6 1/2-1/2

[Event "Mayor's Cup"]
[Site "New York USA"]
[Date "2001.06.19"]
[Round "2"]
[White "Schneider,D"]
[Black "Perelshteyn,E"]
[Result "1/2-1/2"]
[WhiteElo "2406"]
[BlackElo "2436"]
[EventDate "2001.06.18"]

1. e4 e5 2. Nf3 Nc6 3. Bb5 d6 4. c3 Bd7 5. O-O g6 6. d4 Bg7 7. Na3 Nge7 8.
dxe5 Nxe5 9. Nxe5 dxe5 10. Bg5 h6 11. Bh4 a6 12. Bxd7+ Qxd7 13. Qxd7+ Kxd7
14. Rad1+ Ke6 15. Nc4 Rad8 16. Na5 g5 17. Bg3 b6 18. Nc4 Ng6 19. Ne3 Nf4
20. f3 Bf6 21. Rfe1 h5 22. Kf1 Rxd1 23. Rxd1 Rd8 24. Bf2 Rxd1+ 1/2-1/2

[Event "Mayor's Cup"]
[Site "New York USA"]
[Date "2001.06.20"]
[Round "3"]
[White "Shahade,G"]
[Black "Simutowe,A"]
[Result "1-0"]
[WhiteElo "2458"]
[BlackElo "2470"]
[EventDate "2001.06.18"]

1. e4 c5 2. Nf3 d6 3. d4 cxd4 4. Nxd4 Nf6 5. Nc3 Nc6 6. Bg5 e6 7. Qd2 h6 8.
Be3 a6 9. O-O-O Be7 10. f3 Bd7 11. Kb1 b5 12. Nxc6 Bxc6 13. Ne2 Qc7 14. Nd4
Bd7 15. g4 d5 16. e5 Nh7 17. h4 Nf8 18. f4 h5 19. g5 g6 20. Rh3 Bc8 21. Nb3
Nd7 22. Qf2 Rb8 23. Ba7 Ra8 24. Bd4 Bd8 25. Rc3 Qb8 26. Qg1 Nb6 27. f5 Na4
28. Re3 exf5 29. e6 Rf8 30. exf7+ Kxf7 31. Bg2 Bb7 32. Qh1 Qd6 33. Be5 Qe6
34. Bf4 Qd7 35. Bxd5+ Bxd5 36. Rxd5 Qc8 37. Rd6 Ra7 38. Qd5+ Kg7 39. Qd4+
1-0

[Event "Mayor's Cup"]
[Site "New York USA"]
[Date "2001.06.21"]
[Round "4"]
[White "Novikov,I"]
[Black "Shahade,G"]
[Result "1-0"]
[WhiteElo "2596"]
[BlackElo "2458"]
[EventDate "2001.06.18"]

1. d4 Nf6 2. c4 e6 3. Nf3 b6 4. g3 Bb7 5. Bg2 Be7 6. O-O O-O 7. b3 d5 8.
Nc3 Ne4 9. Bb2 Nxc3 10. Bxc3 Nd7 11. cxd5 Bxd5 12. Qc2 Nf6 13. Rfd1 Qc8 14.
Ne5 Bxg2 15. Kxg2 Qb7+ 16. Kg1 c5 17. dxc5 Bxc5 18. b4 Be7 19. b5 Nd5 20.
Bd4 Rac8 21. Nc6 Nb4 22. Qb2 Nxc6 23. bxc6 Qxc6 24. Bxg7 Rfd8 25. Bh8 Bf8
26. Bf6 Rd5 27. e3 Qd7 28. Qe2 Rc4 29. Bd4 Rcxd4 30. Rxd4 Rxd4 31. exd4
Qxd4 32. Rd1 Qf6 33. Rd7 a5 34. Qg4+ Qg6 35. Qd4 Qb1+ 36. Kg2 Qb4 37. Qe3
Qc5 1-0

[Event "Mayor's Cup"]
[Site "New York USA"]
[Date "2001.06.21"]
[Round "4"]
[White "Gruenfeld,Y"]
[Black "Perelshteyn,E"]
[Result "1-0"]
[WhiteElo "2520"]
[BlackElo "2436"]
[EventDate "2001.06.18"]

1. e4 c5 2. Nf3 g6 3. d4 cxd4 4. Nxd4 Nc6 5. c4 Nf6 6. Nc3 d6 7. Be2 Nxd4
8. Qxd4 Bg7 9. Be3 O-O 10. Qd2 Be6 11. O-O Qa5 12. Rab1 Rfc8 13. b3 b5 14.
b4 Qc7 15. e5 dxe5 16. Nxb5 Qb8 17. Rfc1 Bf5 18. Rb3 Ne4 19. Qe1 Nd6 20.
Nxd6 exd6 21. b5 Qb7 22. Rbc3 Be6 23. Qd2 Rd8 24. R3c2 f5 25. Bf3 e4 26.
Be2 Be5 27. f4 Bf6 28. a4 Rac8 29. a5 Rc5 30. Rd1 Kf7 31. Qb4 Be7 32. Rcd2
Rdc8 33. Bxc5 dxc5 34. Qa3 h6 35. Qg3 Rh8 36. Qc3 Bf6 37. Qe3 Be7 38. Rd6
Qc7 39. Ra6 Bc8 40. Qc3 Bxa6 41. Qxh8 Bc8 42. Qh7+ Kf6 43. b6 axb6 44. axb6
1-0

[Event "Mayor's Cup"]
[Site "New York USA"]
[Date "2001.06.23"]
[Round "6"]
[White "Schneider,D"]
[Black "Simutowe,A"]
[Result "1-0"]
[WhiteElo "2406"]
[BlackElo "2470"]
[EventDate "2001.06.18"]

1. e4 c5 2. Nf3 d6 3. d4 cxd4 4. Nxd4 Nf6 5. Nc3 a6 6. Bc4 e6 7. Bb3 Nbd7
8. f4 Nc5 9. Qf3 Be7 10. Be3 Qc7 11. f5 Bd7 12. g4 e5 13. Nde2 Nxb3 14.
cxb3 Bc6 15. Rc1 Qa5 16. Bd2 h6 17. Ng3 Rc8 18. h4 Nd7 19. Nh5 Bf8 20. g5
hxg5 21. hxg5 Kd8 22. a3 Qb6 23. b4 a5 24. Be3 Qa6 25. Kf2 axb4 26. axb4
Qc4 27. g6 f6 28. b5 Bxb5 29. Nd5 Qa2 30. Nxg7 Bxg7 31. Rxh8+ Bxh8 32. Qh1
Bg7 33. Rxc8+ Kxc8 34. Qh7 Bc4 35. Qg8+ Bf8 36. g7 Bxd5 37. gxf8=Q+ Nxf8
38. Qxf8+ Kc7 39. Qe7+ Kc6 40. exd5+ Qxd5 41. Qe8+ Kc7 42. Qe7+ Kc6 43.
Qxf6 Qb3 44. Qf8 Qc2+ 45. Kf3 Qd1+ 46. Kg3 Kd5 47. Qg8+ Kc6 48. Qc8+ Kd5
49. Qxb7+ Kc4 50. Qf3 Qe1+ 51. Bf2 Qf1 52. f6 1-0

[Event "Mayor's Cup"]
[Site "New York USA"]
[Date "2001.06.24"]
[Round "7"]
[White "Shahade,G"]
[Black "Gruenfeld,Y"]
[Result "1-0"]
[WhiteElo "2458"]
[BlackElo "2520"]
[EventDate "2001.06.18"]

1. e4 d6 2. d4 Nf6 3. Nc3 g6 4. Nf3 Bg7 5. Be2 O-O 6. O-O c6 7. a4 Qc7 8.
Bf4 Nbd7 9. e5 Nh5 10. Bg5 dxe5 11. Bxe7 Re8 12. d5 Bf8 13. d6 Qa5 14. Bxf8
Rxf8 15. Bc4 Nhf6 16. Re1 h6 17. Rb1 Qb4 18. Qd3 Kg7 19. Nxe5 Nxe5 20. Rxe5
Bf5 21. Qd4 Rad8 22. Rd1 Qxb2 23. Bb3 b6 24. Rb1 Qa3 25. Rd1 c5 26. Qd2 Qb4
27. Re7 a6 28. h3 b5 29. axb5 axb5 30. Rb7 Bd7 31. Nxb5 Qe4 32. Rb6 c4 33.
Nc3 Qh4 34. Rb4 Be6 35. Qe2 Rb8 36. Rxb8 Rxb8 37. Ba4 Rd8 38. Bc6 Qf4 39.
Qd2 Qxd2 40. Rxd2 Rc8 41. Bb5 Bd7 42. Rd4 Bf5 43. Rd2 Bd7 44. Bxd7 Nxd7 45.
Re2 Rc6 46. Nb5 Rb6 47. Nc7 Rb1+ 48. Kh2 Rd1 49. Re7 Rxd6 50. Ne8+ Kf8 51.
Nxd6 Kxe7 52. Nxc4 Ke6 53. Ne3 f5 54. Kg1 f4 55. Nd1 Ne5 56. Kf1 g5 57. Nb2
Kf5 58. Nd3 Nc4 59. Ke2 h5 60. Ne1 Nb2 61. Kd2 g4 62. hxg4+ hxg4 63. Nd3
Na4 64. c4 Nb6 65. Kc3 Ke6 66. Nc5+ Kf5 67. f3 gxf3 68. gxf3 Nc8 69. Kb3
Ke5 70. Nd3+ Kd6 71. Nxf4 Ne7 72. Nd3 Nf5 73. Kb4 Nd4 74. f4 Kc6 75. Kc3
Nf5 76. Kd2 Kd6 77. Ke2 Ke6 78. Kf3 Nd6 79. c5 Nb5 80. Ke4 Nc3+ 81. Kd4
Nb5+ 82. Kc4 Nc7 83. Nb4 Ne8 84. Nd5 Ng7 85. Ne3 Nh5 86. f5+ Kd7 87. Kb5
Nf6 88. Kb6 Ne8 89. Nd5 Ng7 90. c6+ Kd6 91. c7 Nxf5 92. c8=Q Nd4 93. Qc5+
1-0

[Event "Mayor's Cup"]
[Site "New York USA"]
[Date "2001.06.25"]
[Round "8"]
[White "Gruenfeld,Y"]
[Black "Simutowe,A"]
[Result "1-0"]
[WhiteElo "2520"]
[BlackElo "2470"]
[EventDate "2001.06.18"]

1. e4 c5 2. Nf3 d6 3. d4 cxd4 4. Nxd4 Nf6 5. Nc3 a6 6. Bg5 Nc6 7. Bxf6 gxf6
8. Qd2 e6 9. O-O-O Bd7 10. f4 Qb6 11. Nf3 O-O-O 12. Kb1 Kb8 13. g3 Ne7 14.
Bc4 f5 15. Bb3 h6 16. Rhe1 Bc6 17. Ne5 dxe5 18. Qxd8+ Qxd8 19. Rxd8+ Kc7
20. Rdd1 exf4 21. gxf4 fxe4 22. Nxe4 Rg8 23. Ng3 h5 24. Rg1 h4 25. Ne2 Bg2
26. Nd4 h3 27. Rge1 Nc6 28. f5 Nxd4 29. Rxd4 exf5 30. Bxf7 Rg4 31. Rd3 Bd6
32. Be6 Rg5 33. a4 Bxh2 34. Rd7+ Kb8 35. Rh7 Bg3 36. Rg1 Bf2 37. Rd1 Bb6
38. Rdd7 a5 39. Ka2 Bc6 40. Rdf7 Rg6 41. Rf8+ Ka7 42. Bxf5 Bd5+ 43. b3 Rg1
44. Bxh3 Be4 45. Rd7 Bxc2 46. Bf1 Rg3 47. Bc4 Rg2 48. Rxb7+ Kxb7 49. Bd5+
Kc7 50. Bxg2 Bc5 51. Rf6 Bd6 52. Rf1 Bg6 53. Rc1+ Kd7 54. Bh3+ Kd8 55. Rc6
Ke7 56. Ra6 1-0

[Event "Mayor's Cup"]
[Site "New York USA"]
[Date "2001.06.26"]
[Round "9"]
[White "Shahade,G"]
[Black "Blatny,P"]
[Result "1/2-1/2"]
[WhiteElo "2458"]
[BlackElo "2547"]
[EventDate "2001.06.18"]

1. e4 c6 2. d4 g6 3. Nc3 d5 4. h3 Bg7 5. Nf3 Nf6 6. e5 Nfd7 7. Bd3 Nf8 8.
Ne2 b6 9. Be3 Ba6 10. h4 h5 11. Nf4 Qc8 12. Rh3 Bh6 13. Bxa6 Nxa6 14. Nd3
Bxe3 15. fxe3 Ne6 16. Qe2 Nac7 17. c3 Qd7 1/2-1/2

[Event "Mayor's Cup"]
[Site "New York USA"]
[Date "2001.06.26"]
[Round "9"]
[White "Simutowe,A"]
[Black "Perelshteyn,E"]
[Result "0-1"]
[WhiteElo "2470"]
[BlackElo "2436"]
[EventDate "2001.06.18"]

1. d4 Nf6 2. c4 g6 3. g3 Bg7 4. Bg2 O-O 5. Nc3 d6 6. Nf3 c6 7. O-O Qa5 8.
Qd2 Qa6 9. b3 d5 10. cxd5 cxd5 11. Ne5 Rd8 12. f4 Bf5 13. a4 Nc6 14. Ba3
Ne4 15. Nxe4 Bxe4 16. Nxc6 Qxc6 17. Rfc1 Qe6 18. Bf1 Rac8 19. e3 Bf6 20. a5
a6 21. Bc5 Kg7 22. b4 h6 23. Ra3 g5 24. h3 h5 25. Rb3 Qd7 26. b5 axb5 27.
Kh2 h4 28. g4 Qc7 29. Kg1 b4 30. Ra1 Qb8 31. Ra4 Rxc5 32. dxc5 Bc3 33. Rxc3
bxc3 34. Qxc3+ f6 35. Qd2 Qc7 36. Rb4 gxf4 37. exf4 Qxc5+ 38. Kh2 Qxa5 39.
Qe1 Qa3 40. Kg1 Rc8 41. g5 Rc1 42. gxf6+ Kf7 43. Qxh4 Qe3+ 44. Qf2 Qxh3 45.
Rxe4 Rxf1+ 46. Qxf1 Qxf1+ 47. Kxf1 dxe4 48. fxe7 Kxe7 49. Ke2 Ke6 0-1